[Event "11th World Teams 2017"]
[Site "Khanty-Mansiysk RUS"]
[Date "2017.06.17"]
[Round "1.1"]
[White "Kovalev,Vl"]
[Black "Yu Yangyi"]
[Result "0-1"]
[WhiteElo "2641"]
[BlackElo "2749"]

1.e4 e5 2.Nf3 Nf6 3.Nxe5 d6 4.Nf3 Nxe4 5.d4 d5 6.Bd3 Nc6 7.O-O Bg4 8.Re1 Be7
9.c4 Nf6 10.Nc3 O-O 11.cxd5 Nxd5 12.h3 Be6 13.Ne4 h6 14.a3 Re8 15.b4 a6 16.Qc2
Bf5 17.Bd2 Bd6 18.Rad1 Bf4 19.Nc5 Rxe1+ 20.Bxe1 Bxd3 21.Qxd3 Qc8 22.Ne5 Nce7
23.Qf3 b6 24.Ncd3 Qf5 25.g4 Qf6 26.Qe4 Rd8 27.a4 Ng6 28.b5 axb5 29.axb5 Qe6
30.Qf5 Qxf5 31.gxf5 Nge7 32.Nc6 Nxc6 33.bxc6 Rd6 34.Ne5 Ne7 35.Ra1 Bxe5
36.dxe5 Rxc6 37.Ra8+ Kh7 38.Rf8 Rc1 39.Rxf7 Rxe1+ {#R} 0-1

[Event "11th World Teams 2017"]
[Site "Khanty-Mansiysk RUS"]
[Date "2017.06.17"]
[Round "1.1"]
[White "Stupak,K"]
[Black "Li Chao2"]
[Result "0-1"]
[WhiteElo "2564"]
[BlackElo "2720"]

1.d4 Nf6 2.Nf3 d5 3.c4 c6 4.e3 g6 5.Nc3 Bg7 6.Be2 O-O 7.O-O b6 8.Bd2 Bb7 9.Rc1
e6 10.cxd5 exd5 11.Ne5 Ne8 12.b4 Nd7 13.Nxd7 Qxd7 14.b5 Nd6 15.Qb3 c5 16.dxc5
bxc5 17.Rfd1 d4 18.exd4 Bxd4 19.Be3 Qe7 20.Bf1 Bxe3 21.fxe3 Qxe3+ 22.Kh1 Qg5
23.Qb2 Nf5 24.Rd7 Rfb8 25.Re1 Qh4 26.Qb3 Rf8 27.Qd1 Rad8 28.Re5 Ng3+ 29.Kg1
Nxf1 {#R} 0-1

[Event "11th World Teams 2017"]
[Site "Khanty-Mansiysk RUS"]
[Date "2017.06.17"]
[Round "1.2"]
[White "Vidit,S"]
[Black "Wojtaszek,R"]
[Result "1-0"]
[WhiteElo "2692"]
[BlackElo "2730"]

1.Nf3 d5 2.g3 Nf6 3.Bg2 e6 4.O-O Be7 5.c4 O-O 6.Ne5 c5 7.cxd5 exd5 8.e3 Qd6
9.d4 cxd4 10.exd4 Be6 11.Nc3 Qb6 12.Re1 Nc6 13.Na4 Qd8 14.Nxc6 bxc6 15.Bf4 Re8
16.Rc1 Bd7 17.Nc5 Bf5 18.Re5 Bc8 19.Qa4 Bd7 20.Nxd7 Nxd7 21.Re2 g5 22.Bd2 Nb6
23.Qxc6 Rc8 24.Qh6 Rxc1+ 25.Bxc1 f6 26.Bh3 Bf8 27.Rxe8 {#r} 1-0

[Event "11th World Teams 2017"]
[Site "Khanty-Mansiysk RUS"]
[Date "2017.06.17"]
[Round "1.2"]
[White "Karthikeyan,M2"]
[Black "Piorun,K"]
[Result "0-1"]
[WhiteElo "2582"]
[BlackElo "2631"]

1.e4 e5 2.Nf3 Nc6 3.Bb5 Nf6 4.d3 Bc5 5.c3 O-O 6.O-O Re8 7.Nbd2 a6 8.Ba4 Ba7
9.Re1 b5 10.Bb3 d6 11.Nf1 h6 12.a4 b4 13.a5 bxc3 14.bxc3 Ne7 15.Be3 Ng6 16.g3
d5 17.exd5 Nxd5 18.Bxa7 Rxa7 19.d4 e4 20.Qc2 f5 21.N3d2 c6 22.Ba4 Re6 23.Nb3
Nf8 24.Nc5 Rf6 25.Qb3 Re7 26.c4 Nc7 27.d5 Qd6 28.Qa3 cxd5 29.cxd5 Kh8 30.Ne3
f4 31.Nc4 Qxd5 32.Nb6 Qf5 33.Nxc8 f3 34.Kh1 Re5 35.Rxe4 Qh3 36.Rg1 Rh5 37.Rh4
Rxh4 38.gxh4 Rg6 39.Qa1 Rg2 {#R} 0-1

[Event "11th World Teams 2017"]
[Site "Khanty-Mansiysk RUS"]
[Date "2017.06.17"]
[Round "1.4"]
[White "Vitiugov,N"]
[Black "Fawzy,Adham"]
[Result "1-0"]
[WhiteElo "2720"]
[BlackElo "2418"]

1.d4 Nf6 2.c4 e6 3.Nf3 b6 4.g3 Bb7 5.Bg2 Bb4+ 6.Bd2 a5 7.O-O O-O 8.Bf4 Be7
9.Qc2 Be4 10.Qc1 Bb7 11.Nc3 Ne4 12.Nb5 Na6 13.Ng5 d5 14.Nxe4 dxe4 15.Rd1 f5
16.d5 exd5 17.cxd5 Bd6 18.Nxd6 cxd6 19.Qe3 Rc8 20.a3 b5 21.Rac1 Rxc1 22.Rxc1
a4 23.f3 Re8 24.Qa7 Qa8 25.Qxa8 Bxa8 26.fxe4 fxe4 27.Bxe4 Rxe4 28.Rc8+ Kf7
29.Rxa8 Nc5 30.Bxd6 Nd7 31.Ra7 Ke8 32.Kf2 Rd4 33.Bb4 Rxd5 34.e4 Rh5 35.Kg2 Re5
36.Kf3 Rh5 37.h4 g5 38.Kg4 Nf6+ 39.Kf5 gxh4+ 40.Ke6 Kd8 41.Bd6 Kc8 42.Rc7+ Kd8
43.Rb7 {#r} 1-0

[Event "11th World Teams 2017"]
[Site "Khanty-Mansiysk RUS"]
[Date "2017.06.17"]
[Round "1.4"]
[White "Ameir,M"]
[Black "Matlakov,M"]
[Result "0-1"]
[WhiteElo "2399"]
[BlackElo "2707"]

1.e4 c5 2.Nf3 Nc6 3.Bb5 g6 4.Bxc6 bxc6 5.O-O Bg7 6.Re1 Nh6 7.c3 O-O 8.d4 cxd4
9.cxd4 d5 10.e5 f6 11.h3 fxe5 12.Nxe5 Qb6 13.Bxh6 Bxh6 14.b3 Rf4 15.Nf3 Bg7
16.Nc3 Bf5 17.Rxe7 Rf8 18.Ne2 Rxf3 19.gxf3 Bxh3 20.Qd2 Bf6 21.Re3 Qd8 22.Re1
Bd7 23.f4 Bg7 24.Qb4 Rf7 25.Ng3 Bf8 26.Qd2 Qh4 27.f5 gxf5 28.Re5 Rg7 29.Kf1 f4
{#R} 0-1

[Event "11th World Teams 2017"]
[Site "Khanty-Mansiysk RUS"]
[Date "2017.06.18"]
[Round "2.3"]
[White "Fawzy,Adham"]
[Black "Urkedal,F"]
[Result "0-1"]
[WhiteElo "2418"]
[BlackElo "2541"]

1.e4 e5 2.Nf3 Nc6 3.Bc4 Bc5 4.O-O Nf6 5.d3 d6 6.h3 Na5 7.Nbd2 O-O 8.c3 Nxc4
9.Nxc4 b5 10.Ncd2 Bb7 11.Nb3 Bb6 12.Be3 c5 13.Nfd2 c4 14.Bxb6 axb6 15.dxc4
bxc4 16.Nxc4 Nxe4 17.Ne3 f5 18.Qd3 Qg5 19.Nd5 Kh8 20.a3 Nf6 21.f4 Qg6 22.Ne3
exf4 23.Rxf4 Qg3 24.Qd4 Rae8 {#R} 0-1

[Event "11th World Teams 2017"]
[Site "Khanty-Mansiysk RUS"]
[Date "2017.06.18"]
[Round "2.3"]
[White "Frhat,A"]
[Black "Hauge,Lars Oskar"]
[Result "1-0"]
[WhiteElo "2402"]
[BlackElo "2448"]

1.e4 e6 2.d4 d5 3.Nd2 c5 4.Ngf3 Nc6 5.c3 Nf6 6.Bd3 c4 7.Bc2 b5 8.e5 Nd7 9.Nf1
Nb6 10.Ng3 Be7 11.Nh5 g6 12.Nf4 a5 13.h4 b4 14.Ng5 a4 15.a3 bxc3 16.bxc3 Na5
17.Be3 Nb3 18.Ra2 Ra7 19.Rh3 Na8 20.Qf3 Qa5 21.Ne2 Bd8 22.h5 Re7 23.hxg6 fxg6
24.Nxh7 {#r} 1-0

[Event "11th World Teams 2017"]
[Site "Khanty-Mansiysk RUS"]
[Date "2017.06.18"]
[Round "2.4"]
[White "Wojtaszek,R"]
[Black "Shankland,S"]
[Result "1-0"]
[WhiteElo "2730"]
[BlackElo "2676"]

1.d4 Nf6 2.c4 g6 3.g3 c6 4.Nf3 Bg7 5.Bg2 d5 6.Nbd2 O-O 7.O-O a5 8.b3 Ne4 9.e3
Bg4 10.Ba3 b5 11.cxd5 cxd5 12.Qc1 b4 13.Bb2 Na6 14.Nxe4 dxe4 15.Ng5 e5 16.Nxe4
exd4 17.Bxd4 Bxd4 18.exd4 Qxd4 19.Qg5 Be2 20.Rfe1 Rac8 21.Rac1 Qb2 22.Rxc8
Rxc8 23.Nd6 Rf8 24.Qe7 Bh5 25.Bd5 {#r} 1-0

[Event "11th World Teams 2017"]
[Site "Khanty-Mansiysk RUS"]
[Date "2017.06.18"]
[Round "2.5"]
[White "Adhiban,Baskaran"]
[Black "Yu Yangyi"]
[Result "0-1"]
[WhiteElo "2670"]
[BlackElo "2749"]

1.e4 e5 2.Nc3 Nc6 3.g3 Bc5 4.Bg2 a6 5.Nge2 d6 6.O-O Nge7 7.Nd5 O-O 8.c3 Nxd5
9.exd5 Ne7 10.d4 exd4 11.Nxd4 Nf5 12.Nf3 Qf6 13.b4 Ba7 14.Bb2 Re8 15.Qd2 Qh6
16.Rfe1 Bd7 17.Qxh6 Nxh6 18.h3 Nf5 19.Nd4 Bxd4 20.cxd4 a5 21.Rec1 Rec8 22.bxa5
Rxa5 23.Bc3 Ra4 24.Rab1 b6 25.Rb2 h5 26.Bf3 Nxd4 27.Bxd4 Rxd4 28.Rbc2 Bxh3
29.Rxc7 Ra8 30.R1c6 h4 31.Kh2 Bf5 32.gxh4 Rxh4+ 33.Kg3 Rh3+ 34.Kg2 Rh6 35.Kg3
Rxa2 36.Rxb6 Rg6+ 37.Kf4 Rf6 38.Rb4 Ra3 39.Kg3 Be4 40.Rxe4 Raxf3+ 41.Kg4 Rxf2
42.Rc3 Rg6+ 43.Kh3 Rh6+ 44.Kg3 Rf5 {#R} 0-1

[Event "11th World Teams 2017"]
[Site "Khanty-Mansiysk RUS"]
[Date "2017.06.19"]
[Round "3.1"]
[White "Kovalev,Vl"]
[Black "Adhiban,Baskaran"]
[Result "0-1"]
[WhiteElo "2641"]
[BlackElo "2670"]

1.e4 c5 2.Nf3 d6 3.Bb5+ Nd7 4.O-O Nf6 5.Re1 a6 6.Bf1 b6 7.d4 cxd4 8.Nxd4 Bb7
9.f3 e6 10.c4 Be7 11.Nc3 O-O 12.Be3 Rc8 13.Rc1 Qc7 14.Qd2 Qb8 15.b4 Bd8 16.Kh1
Bc7 17.Na4 Ba8 18.Rc2 d5 19.cxd5 exd5 20.Bxa6 Rce8 21.Bb5 dxe4 22.f4 Rd8
23.Bc6 Ng4 24.g3 Ndf6 25.Bxa8 Qxa8 26.Rxc7 Qxa4 27.Rcc1 Nxe3 28.Rxe3 Ng4
29.Re2 Qa3 30.h3 Rxd4 {#R} 0-1

[Event "11th World Teams 2017"]
[Site "Khanty-Mansiysk RUS"]
[Date "2017.06.19"]
[Round "3.3"]
[White "Hesham,A"]
[Black "Wojtaszek,R"]
[Result "0-1"]
[WhiteElo "2372"]
[BlackElo "2730"]

1.d4 Nf6 2.c4 e6 3.Nf3 b6 4.g3 Ba6 5.Qb3 Bb7 6.Nc3 g6 7.Bg2 Bg7 8.O-O O-O 9.d5
exd5 10.cxd5 Na6 11.Qc4 Nc5 12.Be3 Ba6 13.Qh4 Re8 14.Rfe1 Nce4 15.Bd4 Nxc3
16.Bxc3 Ne4 17.Qxd8 Raxd8 18.Bxg7 Kxg7 19.Rac1 Rc8 20.Nd4 f5 21.f3 Nf6 22.e4
fxe4 23.fxe4 Re5 24.Re3 Nxd5 25.Rb3 c5 26.exd5 cxd4 27.Rxc8 Bxc8 28.Ra3 Re3
29.Ra4 d3 30.Bf1 Re1 31.Rd4 Ba6 32.Kf2 d2 {#R} 0-1

[Event "11th World Teams 2017"]
[Site "Khanty-Mansiysk RUS"]
[Date "2017.06.19"]
[Round "3.3"]
[White "Duda,J"]
[Black "Ameir,M"]
[Result "1-0"]
[WhiteElo "2697"]
[BlackElo "2399"]

1.d4 Nf6 2.c4 e6 3.g3 c5 4.d5 exd5 5.cxd5 d6 6.Nc3 g6 7.Bg2 Bg7 8.Nf3 O-O
9.O-O Re8 10.Bf4 Ne4 11.Nxe4 Rxe4 12.Nd2 Rxf4 13.gxf4 Bxb2 14.Rb1 Bg7 15.Nc4
b6 16.Qb3 Ba6 17.Rfe1 Bxc4 18.Qxc4 Nd7 19.Qa6 Qc7 20.Rec1 Re8 21.a4 f5 22.e3
Rc8 23.Bf1 h6 24.Rb3 Kh7 25.a5 Rb8 26.Rcb1 Rc8 27.axb6 Nxb6 28.Ra3 c4 29.Qxa7
c3 30.Bd3 c2 31.Rc1 Qd8 32.Rb3 Qh4 33.Be2 Nxd5 34.Rb7 Qf6 35.Bf3 Rc5 36.Bxd5
Rxd5 37.Rxc2 Rc5 38.Rxc5 dxc5 39.Qxc5 h5 40.Qe5 Qf8 41.Qe7 Qxe7 42.Rxe7 Kg8
43.Kg2 {#r} 1-0

[Event "11th World Teams 2017"]
[Site "Khanty-Mansiysk RUS"]
[Date "2017.06.19"]
[Round "3.4"]
[White "Elsness,F"]
[Black "Sanal,V"]
[Result "0-1"]
[WhiteElo "2466"]
[BlackElo "2533"]

1.d4 Nf6 2.c4 e6 3.g3 d5 4.Nf3 Bb4+ 5.Bd2 Be7 6.Bg2 O-O 7.O-O Nbd7 8.Qc2 c6
9.Bf4 b6 10.Rd1 Ba6 11.Ne5 Nxe5 12.dxe5 Nd7 13.cxd5 cxd5 14.e4 d4 15.Rxd4 g5
16.Qd2 gxf4 17.Rxd7 Qe8 18.Nc3 fxg3 19.hxg3 Bc8 20.Rd4 Kh8 21.Rd1 Rg8 22.a4 a6
23.Qf4 Ra7 24.Bf1 Qf8 25.Be2 Qg7 26.Bh5 Rc7 27.Kg2 Bg5 28.Qf3 Qxe5 29.Qe2 Bf6
30.R4d3 Rc5 31.Bxf7 Rf8 32.f4 Qc7 33.Bh5 Rg8 34.e5 Bxe5 35.fxe5 Rxe5 36.Re3
Bb7+ 37.Kh2 Qg7 38.Rg1 Rf5 39.Rxe6 Qg5 40.Be8 Bf3 41.Qc4 Qd2+ 42.Kh3 Rc5
43.Qh4 Bg4+ 44.Qxg4 Rxg4 45.Kxg4 Qg5+ {#R} 0-1

[Event "11th World Teams 2017"]
[Site "Khanty-Mansiysk RUS"]
[Date "2017.06.19"]
[Round "3.5"]
[White "Nepomniachtchi,I"]
[Black "Korobov,A"]
[Result "1-0"]
[WhiteElo "2732"]
[BlackElo "2711"]

1.e4 c5 2.Nf3 d6 3.d4 cxd4 4.Nxd4 Nf6 5.Nc3 a6 6.Bg5 Nbd7 7.Bc4 Qa5 8.Qd2 e6
9.Bb3 Be7 10.O-O-O h6 11.Be3 Nc5 12.Kb1 Bd7 13.f3 Qc7 14.g4 b5 15.a3 Qb7 16.h4
a5 17.g5 Nh5 18.gxh6 g6 19.Bg5 f6 20.Be3 b4 21.axb4 axb4 22.Na2 d5 23.Qg2 Kf7
24.Rhg1 Rag8 25.Nxe6 Nxe6 26.exd5 Nef4 27.d6+ Be6 28.Bxe6+ Nxe6 29.dxe7 Qxe7
30.Nxb4 Qxb4 31.Rd7+ Ke8 32.Rgd1 Nf8 33.Qe2 Ng3 34.Bc5+ {#r} 1-0

[Event "11th World Teams Women"]
[Site "Khanty-Mansiysk RUS"]
[Date "2017.06.17"]
[Round "1.1"]
[White "Osmak,Iulija"]
[Black "Yu,Jennifer R"]
[Result "1-0"]
[WhiteElo "2350"]
[BlackElo "2319"]

1.d4 d5 2.Bf4 Nf6 3.e3 e6 4.Bd3 c5 5.c3 Nc6 6.Nf3 Bd6 7.Bg3 O-O 8.Nbd2 b6
9.Ne5 Bb7 10.f4 Nd7 11.Qb1 f5 12.Ndf3 Ndxe5 13.fxe5 Be7 14.h4 c4 15.Bc2 b5
16.a3 a5 17.Bf4 Bc8 18.g4 Bd7 19.gxf5 exf5 20.Kd2 b4 21.Qg1 bxc3+ 22.bxc3 Qe8
23.Qg2 Nd8 24.Ng5 Ne6 25.Rag1 Bxg5 26.Bxg5 Nxg5 27.hxg5 Be6 28.Rxh7 Qg6
29.Rgh1 Qxh7 30.Rxh7 Kxh7 31.g6+ Kh6 32.Bd1 Rh8 33.Ke2 Raf8 34.Kf3 f4 35.exf4
Rf5 36.Qh3+ Rh5 37.Qxe6 Rf8 38.Qg4 a4 39.Kg3 Rff5 40.Qxh5+ Rxh5 41.Bxh5 Kxh5
42.f5 {#r} 1-0

[Event "11th World Teams Women"]
[Site "Khanty-Mansiysk RUS"]
[Date "2017.06.17"]
[Round "1.4"]
[White "Wafa,Shrook"]
[Black "Hoang Thi Bao Tram"]
[Result "0-1"]
[WhiteElo "2141"]
[BlackElo "2380"]

1.e4 c6 2.d4 d5 3.Nc3 dxe4 4.Nxe4 Nd7 5.Nf3 Ngf6 6.Nxf6+ Nxf6 7.Bd3 Bg4 8.c3
e6 9.Qe2 Qd5 10.h3 Bxf3 11.gxf3 O-O-O 12.Bf4 Bd6 13.Bc4 Qf5 14.Bxd6 Rxd6
15.O-O-O Rhd8 16.h4 g6 17.Rhg1 Kb8 18.Qe3 Nd5 19.Bxd5 Rxd5 20.Rg4 R8d7 21.c4
R5d6 22.Rd3 Qf6 23.Rf4 Qd8 24.Qe5 Ka8 25.Qe3 f5 26.d5 cxd5 27.cxd5 Rxd5
28.Rxd5 Rxd5 29.Rc4 a6 30.f4 Rd3 31.Qe2 Qd5 32.b3 Kb8 33.Qc2 Qd7 34.Qe2 Qd6
35.Kc2 Rd5 36.a4 Rc5 37.Kc3 Qb6 38.Rxc5 {#R} 0-1

[Event "11th World Teams Women"]
[Site "Khanty-Mansiysk RUS"]
[Date "2017.06.17"]
[Round "1.4"]
[White "Vo Thi Kim Phung"]
[Black "Moaataz,Ayah"]
[Result "1-0"]
[WhiteElo "2378"]
[BlackElo "2020"]

1.d4 d5 2.c4 e6 3.Nf3 Nf6 4.e3 Be7 5.Nc3 c6 6.Bd3 dxc4 7.Bxc4 Nbd7 8.O-O Nb6
9.Bd3 c5 10.dxc5 Bxc5 11.a3 O-O 12.e4 g6 13.e5 Nh5 14.Ne4 Be7 15.Bh6 Ng7
16.Qe2 Nd5 17.Rfd1 Qb6 18.Bc4 Rd8 19.Bg5 Bxg5 20.Nfxg5 h6 21.Bxd5 hxg5 22.Nf6+
Kf8 23.Bf3 Ne8 24.Rxd8 Qxd8 25.Rd1 Qe7 26.Nxe8 Kxe8 27.Qb5+ Bd7 28.Qxb7 Rc8
29.Qxa7 Bb5 30.Qd4 Qc5 31.h3 Qxd4 32.Rxd4 Rc5 33.a4 Bd7 34.b4 Rxe5 35.b5 Re1+
36.Kh2 Rb1 37.Rd6 Ke7 38.Ra6 Rb4 39.b6 Kd6 40.a5 f5 41.Ra8 g4 42.hxg4 fxg4
43.Bxg4 Bc6 44.Rd8+ Ke7 45.Rc8 Bd7 46.Rh8 Bc6 47.Bf3 Bxf3 48.gxf3 Kd6 49.a6
{#r} 1-0

[Event "11th World Teams Women"]
[Site "Khanty-Mansiysk RUS"]
[Date "2017.06.17"]
[Round "1.5"]
[White "Tan Zhongyi"]
[Black "Lagno,Kateryna"]
[Result "0-1"]
[WhiteElo "2517"]
[BlackElo "2539"]

1.d4 Nf6 2.c4 g6 3.f3 Bg7 4.e4 d6 5.Nc3 O-O 6.Be3 c5 7.Nge2 Nc6 8.d5 Ne5 9.Ng3
h5 10.Be2 e6 11.O-O exd5 12.cxd5 Nh7 13.Qd2 a6 14.a4 Bd7 15.a5 b5 16.axb6 Qxb6
17.Na4 Qb7 18.b4 h4 19.Nh1 c4 20.Nb6 Bb5 21.Nxa8 c3 22.Qa2 Rxa8 23.f4 Nd3
24.Qb1 Nb2 25.Qc2 Bxe2 26.Qxe2 Qxb4 27.Nf2 Nf6 28.e5 Nxd5 29.Qf3 Nxe3 30.Qxa8+
Kh7 31.Ne4 Nxf1 32.Ng5+ Kh6 33.Nxf7+ Kh7 34.Ng5+ Kh6 35.Rxf1 Qd4+ 36.Kh1 Qc4
37.Qf3 c2 38.Nf7+ Qxf7 39.Qf2 Qf5 40.Qxh4+ Qh5 41.Qf2 c1=Q 42.Rxc1 Nd3 43.Qd2
Nxc1 44.e6 Ne2 45.f5+ Kh7 46.e7 Qxf5 47.Qe1 Qe4 {#R} 0-1

[Event "11th World Teams Women"]
[Site "Khanty-Mansiysk RUS"]
[Date "2017.06.17"]
[Round "1.5"]
[White "Gunina,V"]
[Black "Zhao Xue"]
[Result "1-0"]
[WhiteElo "2499"]
[BlackElo "2490"]

1.e4 Nf6 2.e5 Nd5 3.d4 d6 4.c4 Nb6 5.Nf3 Bg4 6.exd6 exd6 7.Be2 Be7 8.O-O O-O
9.Nc3 Nc6 10.Re1 Bf6 11.c5 dxc5 12.dxc5 Bxc3 13.bxc3 Qxd1 14.Bxd1 Rfe8
15.Rxe8+ Rxe8 16.cxb6 Bxf3 17.gxf3 cxb6 18.Be3 Na5 19.Be2 Rc8 20.Rd1 Kf8
21.Bb5 Ke7 22.Bf4 Kf6 23.Rd6+ Ke7 24.Rd7+ Ke6 25.Rd3 Rc5 26.Bd7+ Kf6 27.Bd6
Rg5+ 28.Kf1 Nc4 29.Bf8 b5 30.Rd4 Nb6 31.Rd6+ Ke5 32.f4+ Kxf4 33.Rd4+ Kf3 34.h4
Nxd7 35.Rxd7 Rf5 36.Bxg7 a6 37.Rxb7 Rf4 38.h5 f5 39.Rd7 Rh4 40.Rd3+ Kg4 41.h6
Rh1+ 42.Kg2 Ra1 43.Rg3+ Kh5 44.f4 Kh4 45.Bf6+ Kh5 46.Rg5+ Kh4 47.Bd4 {#r} 1-0

[Event "11th World Teams Women"]
[Site "Khanty-Mansiysk RUS"]
[Date "2017.06.17"]
[Round "1.5"]
[White "Lei Tingjie"]
[Black "Girya,O"]
[Result "1-0"]
[WhiteElo "2488"]
[BlackElo "2480"]

1.e4 c6 2.d4 d5 3.e5 Bf5 4.Nd2 e6 5.Nb3 Nd7 6.Nf3 Qc7 7.Be2 c5 8.dxc5 Bxc5
9.Nxc5 Qxc5 10.c3 Ne7 11.Nd4 Nxe5 12.Qa4+ N5c6 13.Nb5 Qb6 14.Be3 Qd8 15.Nxa7
Qd7 16.Bb5 O-O 17.Qd1 Rfb8 18.b4 d4 19.Nxc6 bxc6 20.Bc4 c5 21.O-O e5 22.Bd2
Be6 23.Bxe6 Qxe6 24.bxc5 d3 25.Be3 Qc4 26.Qh5 Nc6 27.Qf5 Rd8 28.Rfd1 Rxa2
29.Rab1 Ra7 30.h4 h6 31.Rb6 Rc7 32.Qf3 e4 33.Qg3 Rdc8 34.Bxh6 Qxc3 35.Bf4 Re7
36.Be3 Nd4 37.Qg4 Ne2+ 38.Kh1 Rce8 39.h5 Re6 40.h6 Qf6 41.Rdb1 g6 42.Rxe6 Rxe6
43.h7+ Kg7 44.h8=Q+ {#r} 1-0

[Event "11th World Teams Women"]
[Site "Khanty-Mansiysk RUS"]
[Date "2017.06.18"]
[Round "2.1"]
[White "Tan Zhongyi"]
[Black "Zhukova,N"]
[Result "1-0"]
[WhiteElo "2517"]
[BlackElo "2449"]

1.c4 c6 2.d4 d5 3.Nf3 Nf6 4.Nc3 e6 5.Bg5 Nbd7 6.e3 Qa5 7.cxd5 Nxd5 8.Rc1 Nxc3
9.bxc3 Ba3 10.Rc2 b6 11.Be2 Ba6 12.O-O Bxe2 13.Qxe2 O-O 14.Rd1 Rfe8 15.Bf4
Rac8 16.c4 Bf8 17.e4 c5 18.d5 e5 19.Bc1 Qa4 20.Rd3 Nf6 21.Ne1 g6 22.Rb3 Qd7
23.Nd3 Nh5 24.h3 Bd6 25.Qg4 f5 26.exf5 Nf6 27.Qh4 Qxf5 28.g4 Qf3 29.Ne1 Qd1
30.Kf1 Nxd5 31.Rd3 Qxd3+ 32.Nxd3 e4 33.Ne1 Nb4 34.Re2 Nc6 35.g5 Nd4 36.Rxe4
Rf8 37.Rxd4 cxd4 38.Qxd4 Bc5 39.Qd5+ Rf7 40.Nd3 Kf8 41.Nxc5 bxc5 42.Bf4 Kg8
43.Be3 {#r} 1-0

[Event "11th World Teams Women"]
[Site "Khanty-Mansiysk RUS"]
[Date "2017.06.18"]
[Round "2.2"]
[White "Nguyen Thi Mai Hung"]
[Black "Gunina,V"]
[Result "0-1"]
[WhiteElo "2301"]
[BlackElo "2499"]

1.d4 Nf6 2.Nf3 e6 3.e3 b6 4.Bd3 Bb7 5.O-O d5 6.b3 Be7 7.Bb2 O-O 8.Ne5 c5 9.Nd2
Nbd7 10.Qf3 Qc7 11.Qh3 h6 12.f4 cxd4 13.exd4 Nxe5 14.fxe5 Ne4 15.Rad1 Bg5
16.Nb1 b5 17.Ba3 Rfc8 18.Bxb5 Qxc2 19.Qf3 Kh8 20.Kh1 Qxa2 21.Qxf7 Be3 22.Bd3
Qxb3 23.Qf3 Nf2+ 24.Rxf2 Bxf2 25.Rf1 Bxd4 26.Qg3 Ba6 27.Bxa6 Qxg3 28.hxg3 Rcb8
29.Bd6 Rb6 30.Be2 a5 31.Na3 Bb2 32.Nb5 a4 33.Rb1 Bd4 34.Rd1 Bf2 35.Nc7 Rc8
36.Kh2 Rb3 37.Bd3 a3 38.g4 a2 39.Bg6 Bg3+ 40.Kg1 Rcb8 {#R} 0-1

[Event "11th World Teams Women"]
[Site "Khanty-Mansiysk RUS"]
[Date "2017.06.18"]
[Round "2.2"]
[White "Goryachkina,A"]
[Black "Luong Phuong Hanh"]
[Result "1-0"]
[WhiteElo "2477"]
[BlackElo "2208"]

1.d4 Nf6 2.c4 g6 3.Nc3 d5 4.cxd5 Nxd5 5.e4 Nxc3 6.bxc3 Bg7 7.Be3 c5 8.Qd2 cxd4
9.cxd4 Nc6 10.Bb5 Bd7 11.Ne2 O-O 12.O-O Ne5 13.Bxd7 Nc4 14.Qb4 Nxe3 15.fxe3
Qxd7 16.e5 Rac8 17.Qb3 Rc6 18.a4 Rb6 19.Qa2 e6 20.Nc3 Qc6 21.Nb5 a6 22.Nd6 Qc3
23.Qf2 Bh6 24.Rae1 Rb3 25.Kh1 Bxe3 26.Qf6 Qxd4 27.Nxf7 Bf4 28.Rxf4 Qxf4
29.Qxf4 Rxf7 30.Qc4 Rb6 31.h3 Rc6 32.Qd3 Rc8 33.Kh2 Rcf8 34.Qc4 Re8 35.Rd1
Rfe7 36.Rd6 Kg7 37.Qb3 Kf7 38.Rb6 Rb8 39.Rxa6 {#r} 1-0

[Event "11th World Teams Women"]
[Site "Khanty-Mansiysk RUS"]
[Date "2017.06.18"]
[Round "2.3"]
[White "Mamedjarova,Z"]
[Black "Wafa,Shrook"]
[Result "1-0"]
[WhiteElo "2289"]
[BlackElo "2141"]

1.d4 Nf6 2.Nf3 e6 3.Nbd2 c5 4.e3 Nc6 5.c3 d5 6.Bb5 Bd6 7.O-O O-O 8.Qe2 Qb6
9.Ba4 Bd7 10.dxc5 Bxc5 11.e4 a5 12.Bc2 dxe4 13.Nxe4 Nxe4 14.Qxe4 f5 15.Qe2
Rae8 16.Rd1 Bc8 17.a3 Qc7 18.Ba4 Bd7 19.b4 Bb6 20.Qc4 Rf7 21.Bf4 Qc8 22.Rd2 h6
23.b5 Ne7 24.Ne5 Qxc4 25.Nxc4 Nd5 26.Rxd5 exd5 27.Nxb6 Re4 28.Be3 Be6 29.Bc2
Rg4 30.f3 Rg6 31.Rd1 Rc7 32.Nxd5 Bxd5 33.Rxd5 Rxc3 34.Bxf5 Rf6 35.Bd4 Rxf5
36.Rxf5 Rxa3 37.b6 Rd3 38.Rd5 a4 39.Kf2 a3 40.Ke2 Rb3 41.Ra5 g5 42.Kd2 Kf7
43.Kc2 Rb4 44.Kc3 Rb1 45.Rxa3 Ke6 46.Ra7 {#r} 1-0

[Event "11th World Teams Women"]
[Site "Khanty-Mansiysk RUS"]
[Date "2017.06.18"]
[Round "2.3"]
[White "Moaataz,Ayah"]
[Black "Mammadzada,G"]
[Result "0-1"]
[WhiteElo "2020"]
[BlackElo "2368"]

1.c4 c5 2.g3 g6 3.Bg2 Bg7 4.Nf3 Nc6 5.Nc3 d6 6.a3 e6 7.b4 Nge7 8.O-O O-O 9.Rb1
b6 10.e3 Bb7 11.Qe2 Qd7 12.Rd1 Rad8 13.d4 cxd4 14.exd4 Nf5 15.Be3 Rfe8 16.Rbc1
Nxe3 17.Qxe3 Ne7 18.g4 Rc8 19.Ne2 Rc7 20.Qf4 h6 21.Ng3 Rec8 22.Bf1 b5 23.g5
Bxf3 24.Qxf3 bxc4 25.gxh6 Bxh6 26.Rc2 Bg7 27.h4 Qc6 28.Qg4 Qa4 29.Rc3 Nd5
30.Rcc1 Qxa3 31.h5 Nf6 32.Qg5 Nxh5 33.Nxh5 gxh5 34.d5 e5 35.Qxh5 e4 36.Bh3 Re8
37.Be6 Rce7 38.Rxc4 fxe6 39.Rxe4 Qc3 40.Rh4 Qe5 41.Qh7+ Kf8 42.Rh5 Qe2 43.Rd3
Rf7 44.Rg5 Qxf2+ 45.Kh1 Qf1+ 46.Rg1 Qxg1+ 47.Kxg1 Bd4+ {#R} 0-1

[Event "11th World Teams Women"]
[Site "Khanty-Mansiysk RUS"]
[Date "2017.06.18"]
[Round "2.4"]
[White "Dzagnidze,N"]
[Black "Socko,M"]
[Result "1-0"]
[WhiteElo "2533"]
[BlackElo "2485"]

1.c4 Nf6 2.Nf3 g6 3.b3 Bg7 4.Bb2 d6 5.g3 O-O 6.Bg2 c5 7.d4 Nc6 8.Nc3 Bg4 9.d5
Na5 10.Nd2 a6 11.a4 Rb8 12.O-O Bd7 13.Qc2 b5 14.axb5 axb5 15.cxb5 Bxb5 16.Ra3
Bd7 17.Rfa1 Nb7 18.Nc4 Ne8 19.Ra6 Nc7 20.Rb6 Qc8 21.Ra7 Nd8 22.Ne4 Rxb6
23.Nxb6 Qb8 24.Bxg7 Kxg7 25.Qc3+ f6 26.Qa5 Be8 27.Nd7 Bxd7 28.Qxc7 Qxb3 29.h4
f5 30.Ng5 h6 31.Nh3 Bb5 32.Qxd6 Qd1+ 33.Kh2 Nf7 34.Rxe7 Qd4 35.Nf4 Qf6 36.Qxc5
Re8 37.Rxf7+ Kxf7 38.Qxb5 g5 39.Ne6 gxh4 40.Bf3 hxg3+ 41.fxg3 Re7 42.Qb8 Rd7
43.Qf8+ {#r} 1-0

[Event "11th World Teams Women"]
[Site "Khanty-Mansiysk RUS"]
[Date "2017.06.18"]
[Round "2.4"]
[White "Zawadzka,J"]
[Black "Khotenashvili,B"]
[Result "0-1"]
[WhiteElo "2426"]
[BlackElo "2452"]

1.e4 e5 2.Nf3 Nc6 3.Nc3 Nf6 4.d4 exd4 5.Nxd4 Bb4 6.Nxc6 bxc6 7.Bd3 O-O 8.O-O
d5 9.exd5 cxd5 10.h3 c6 11.Qf3 Rb8 12.Bf4 Bd6 13.b3 Rb4 14.Bxd6 Qxd6 15.Rfe1
Rb7 16.Qe3 c5 17.Rad1 Be6 18.Na4 Rc7 19.Qd2 Qc6 20.Nc3 c4 21.bxc4 dxc4 22.Be4
Qc5 23.Qd6 Qa5 24.Bf3 Rd7 25.Qe5 Qa3 26.Rxd7 Nxd7 27.Qd4 Nf6 28.Re3 h6 29.Kh2
Qe7 30.Qe5 Qd7 31.Be2 Rc8 32.f4 Qc7 33.Bf3 Qc5 34.Nb5 Qb6 35.a4 Rc5 36.Qd4
Rxb5 37.Qd2 Rc5 38.g4 Bd5 39.g5 hxg5 40.fxg5 Qd6+ 41.Kg1 Qg3+ 42.Bg2 Qxg2+
43.Qxg2 Bxg2 44.gxf6 Bc6 {#R} 0-1

[Event "11th World Teams Women"]
[Site "Khanty-Mansiysk RUS"]
[Date "2017.06.18"]
[Round "2.4"]
[White "Batsiashvili,N"]
[Black "Kulon,K"]
[Result "0-1"]
[WhiteElo "2469"]
[BlackElo "2381"]

1.d4 Nf6 2.c4 g6 3.Nc3 Bg7 4.e4 d6 5.f3 O-O 6.Be3 c5 7.dxc5 dxc5 8.Qxd8 Rxd8
9.Bxc5 Nc6 10.Be3 Be6 11.Rc1 Nd7 12.Kf2 f5 13.Nh3 Nde5 14.b3 fxe4 15.Nf4 Bf5
16.g4 Bxg4 17.fxg4 Nxg4+ 18.Ke2 Nxe3 19.Kxe3 Bh6 20.Nd5 e5 21.Kxe4 exf4 22.Bh3
Re8+ 23.Kd3 Nb4+ 24.Nxb4 Re3+ 25.Kc2 Rxh3 26.Nd5 f3 27.Rce1 Bg5 28.Re5 h6
29.c5 f2 30.Rf1 Rf8 31.b4 Rxh2 32.Kd1 Rh3 33.b5 Ra3 34.Kc2 Rff3 35.c6 bxc6
36.bxc6 Rxa2+ 37.Kb1 Rd2 38.c7 Rf8 39.Nc3 Rc8 40.Rc5 Bh4 41.Rc4 g5 42.Ne4 Re2
43.Rfc1 Re1 44.Nd2 Bg3 45.Nf1 Bf4 {#R} 0-1